| 000 | 00643nam a2200253Ia 4500 | ||
|---|---|---|---|
| 003 | OSt | ||
| 005 | 20220918223709.0 | ||
| 006 | a|||||r|||| 00| 0 | ||
| 007 | ta | ||
| 008 | 220917b |||||||| |||| 00| 0 eng d | ||
| 024 | _a224,811 | ||
| 037 | _cTextual | ||
| 040 |
_aARTS _cARTS _beng |
||
| 041 |
_2eng _aeng |
||
| 082 | _aW0gU, P3 | ||
| 100 |
_aAgnew John _9146431 |
||
| 245 | 0 |
_aGeopolitics _b Re-visioning world politics |
|
| 250 | _a2nd | ||
| 260 |
_aLondon _bRoutledge _c2003 |
||
| 300 |
_a154p. _ccm. |
||
| 650 | _aPOLITICAL SCIENCE | ||
| 942 |
_hW0gU, P3 _cTEXL _2CC |
||
| 999 |
_c279244 _d279244 |
||